Rozpočtová politika a prax národnej vládnej úrovne

Kapitola nadväzuje na prvú časť, konkrétne na definíciu rozpočtovej politiky vo všeobecnosti. Následné rozvíjanie poznatkov na príklade rozpočtovej politiky a rozpočtovej praxe v SR.

Guardado en:
Detalles Bibliográficos
Autor principal: Beličková, Kornélia, 1966-
Formato: Capítulo de libro
Lenguaje:eslovaco
Materias:
Etiquetas: Agregar Etiqueta
Sin Etiquetas, Sea el primero en etiquetar este registro!

MARC

LEADER 00000naa$a2200000$$$4500
001 0313200
005 20260109143520.5
041 0 |a slo 
044 |a SK 
245 1 0 |a Rozpočtová politika a prax národnej vládnej úrovne  |c Kornélia Beličková 
520 |a Kapitola nadväzuje na prvú časť, konkrétne na definíciu rozpočtovej politiky vo všeobecnosti. Následné rozvíjanie poznatkov na príklade rozpočtovej politiky a rozpočtovej praxe v SR. 
610 2 0 |a politika rozpočtová 
610 2 0 |a rozpočty 
610 2 0 |a hospodárenie finančné 
610 2 0 |a príjmy 
610 2 0 |a výdavky 
100 1 |a Beličková, Kornélia, 1966-